| 000 | 02131cam a22004574i 4500 | ||
|---|---|---|---|
| 003 | PE-LiUPU | ||
| 005 | 20250731173229.0 | ||
| 008 | 150625s r 000 0 d | ||
| 035 | _a(Sirsi) a34465 | ||
| 040 |
_aPE-LiUPU _bspa _cPE-LiUPU _erda |
||
| 082 | 0 | 4 |
_a230.0464 _bA958t _223 |
| 100 | 1 |
_aAvila, Rafael, _eautor. |
|
| 245 | 1 | 0 |
_aTeología evangelización y liberación / _cRafael Avila. |
| 264 |
_aBogotá : _bEdiciones paulinas, _c1973. |
||
| 300 |
_a111 páginas ; _c21 centímetros. |
||
| 336 |
_atext _2rdacontent |
||
| 337 |
_aunmediated _2rdamedia |
||
| 338 |
_avolume _2rdacarrier |
||
| 490 |
_a(Colección IGLESIA LIBERADORA ; _v3) |
||
| 505 | _aTeología de la liberación pasado y futuro -- Liberación y no libertad -- El cristiano y la politización: El indicador del poder .. Indicador de cultura -- indicador de la propiedad -- El cristianismo y la politización -- Revelación y evangelización --Profecía, interpretación y reinterpretación -- Eclesiología y evangelización -- Los macabeos y nuestra situación, simple coincidencia? -- Nota sobre el pecado estructural -- Los caminos de la paz -- Nuevos rumbos para la catequesis -- Un consejo nacional de la iglesia o la institucionalización del profetismo. | ||
| 526 | _aSEG42 | ||
| 526 | _aSEG41 | ||
| 526 | _aSEG40 | ||
| 526 | _aSEG39 | ||
| 526 | _aP94 | ||
| 526 | _aP87 | ||
| 526 | _aP86 | ||
| 526 | _aP85 | ||
| 526 | _aP77 | ||
| 526 | _aP76 | ||
| 526 | _aP35 | ||
| 650 | 0 |
_aTeología de la liberación _92237 |
|
| 942 |
_2ddc _cBK _n0 |
||
| 949 |
_a230.0464 A958t _wDEWEY _c1 _i24542 _lCCODEBUL1 _mBUL _p00.00 _r0 _sY _tBOOK _u2015-06-25 _xBIBLIOTECA _zUNKNOWN _0COMPRA _o.STAFF. Colección General |
||
| 949 |
_a230.0464 A958t _wDEWEY _c2 _i27928 _lCCODEBUL1 _mBUL _p00.00 _r0 _sY _tBOOK _u2015-06-25 _xBIBLIOTECA _zUNKNOWN _0COMPRA _o.STAFF. Colección General |
||
| 949 |
_a230.0464 A958t _wDEWEY _c3 _i27929 _lCCODEBUL1 _mBUL _p00.00 _r0 _sY _tBOOK _u2015-06-25 _xBIBLIOTECA _zUNKNOWN _0COMPRA _o.STAFF. Colección General |
||
| 980 |
_81 _gALBERTO SANCHEZ Responsable de Automatización |
||
| 999 |
_c42324 _d42324 |
||